| Tag |
First Indicator |
Second Indicator |
Subfields |
| LEADER |
00000cam a2200000La 4500 |
| 001 |
in00001573607 |
| 005 |
20220103181419.0 |
| 006 |
m u |
| 007 |
cr cn- |
| 008 |
001006s1998 nyu sb 001 0 eng d |
| 010 |
|
|
|z 97041204
|
| 020 |
|
|
|a 0585066779 (electronic bk.)
|
| 020 |
|
|
|z 0791439070
|
| 020 |
|
|
|z 0791439089
|
| 035 |
|
|
|a (OCoLC)ocm42855730
|
| 040 |
|
|
|a N$T
|c N$T
|d OCL
|d UtOrBLW
|
| 049 |
|
|
|a IKMN
|
| 050 |
1 |
4 |
|a PL829.A8
|b Z64 1998eb
|
| 082 |
0 |
4 |
|a 895.6/344
|2 21
|
| 100 |
1 |
|
|a Fessler, Susanna.
|0 http://id.loc.gov/authorities/names/n97095138
|
| 245 |
1 |
0 |
|a Wandering heart :
|b the work and method of Hayashi Fumiko /
|c Susanna Fessler.
|
| 264 |
|
1 |
|a Albany, N.Y. :
|b State University of New York Press,
|c [1998]
|
| 264 |
|
4 |
|c ©1998
|
| 300 |
|
|
|a xiv, 208 pages ;
|c 24 cm.
|
| 336 |
|
|
|a text
|b txt
|2 rdacontent
|
| 337 |
|
|
|a computer
|b c
|2 rdamedia
|
| 338 |
|
|
|a online resource
|b cr
|2 rdacarrier
|
| 504 |
|
|
|a Includes bibliographical references (pages 195-200) and index.
|
| 533 |
|
|
|a Electronic reproduction.
|b Boulder, Colo. :
|c NetLibrary,
|d 1999.
|n Available via the World Wide Web.
|n Available in multiple electronic file formats.
|n Access may be limited to NetLibrary affiliated libraries.
|
| 500 |
|
|
|a Electronic resource.
|
| 600 |
1 |
0 |
|a Hayashi, Fumiko,
|d 1904-1951
|x Criticism and interpretation.
|
| 650 |
|
4 |
|a Novela japonesa
|x Historia y crítica.
|
| 655 |
|
7 |
|a Electronic books.
|2 local
|
| 710 |
2 |
|
|a NetLibrary, Inc.
|0 http://id.loc.gov/authorities/names/no99080690
|
| 776 |
1 |
|
|c Original
|w (DLC) 97041204
|w (OCoLC)37695633
|
| 856 |
4 |
1 |
|u https://proxy.library.tamu.edu/login?url=http://www.netlibrary.com/urlapi.asp?action=summary&v=1&bookid=5544
|z Connect to the full text of this electronic book
|t 0
|
| 994 |
|
|
|a 92
|b IKM
|
| 999 |
|
|
|a MARS
|
| 999 |
f |
f |
|s 4763e001-d4ab-3273-bad9-e7f0f775dd0c
|i d3a4d477-bb52-30c0-9e71-450897b63fb3
|t 0
|
| 952 |
f |
f |
|a Texas A&M University
|b College Station
|c Electronic Resources
|d Available Online
|t 0
|e PL829.A8 Z64 1998eb
|h Library of Congress classification
|
| 998 |
f |
f |
|a PL829.A8 Z64 1998eb
|t 0
|l Available Online
|